| 000 | 00451cam a2200193ua 4500 | ||
|---|---|---|---|
| 020 | _c15.00 | ||
| 041 |
_aeng _h |
||
| 082 |
_a330.1 _bHAR/TO |
||
| 100 | _aHarrod, R.F . | ||
| 245 |
_aTowards a dynamic economics / _cR.F.Harrod. _hTextual Documents |
||
| 250 |
_a / _b. |
||
| 260 |
_aLondon : _bMacMillan , _c1963. |
||
| 300 | _a169 ; . | ||
| 365 | _a15.00 | ||
| 504 | _a | ||
| 942 | _cBK | ||
| 999 |
_c2077 _d2077 |
||